Olmedo en la historia y en las letras : siete estudios /

Guardado en:
Detalles Bibliográficos
Autor principal: Espinosa Pólit, Aurelio (autor)
Formato: Libro
Idioma:Español
Publicado: Quito, Ecuador : Editorial Clásica, 1955
Temas:
Etiquetas: Agrega una etiqueta
Sin etiquetas, Sé el primero en etiquetar este registro!

MARC

LEADER 00000nam^a2200000^a^4500
001 000396658
005 20250526000000.0
009 20260310121437.225
037 |a Acervo Xavier Clavigero 
041 |a ESP 
082 |a 986. 605  |b ESP 
100 |a Espinosa Pólit, Aurelio  |e (autor) 
245 1 0 |a Olmedo en la historia y en las letras :  |b siete estudios /  |c A. Espinosa Pólit. 
264 1 |a Quito, Ecuador :  |b Editorial Clásica,  |c 1955 
300 |a 158 p. ;  |c 20.0 cm. 
336 |a texto  |b txt  |2 rdacontenido 
337 |a sin mediación  |b n  |2 rdamedio 
338 |a volumen  |b nc  |2 rdasoporte 
561 |a Ex libris de Instituto de Literatura Puente Grande, Jal. 
561 |a Ex libris de Bibl. Iunioratus Dom. Prob. S. Ioseph 
649 |a XX 
650 |a Independentistas Ecuatorianos -  |x Biografías 
650 |a Revolucionarios Ecuatorianos -  |x Biografías 
650 |a Jefes de Estado Ecuatorianos -  |x Biografías 
650 |a Vicepresidentes Ecuatorianos -  |x Biografías 
650 |a Políticos Ecuatorianos -  |x Biografías 
650 |a Escritores Ecuatorianos -  |x Biografías 
650 |a Ensayos Ecuatorianos 
650 |a Literatura Ecuatoriana -  |y Siglo XIX 
650 |a Literatura Ecuatoriana -  |x Historia y Crítica 
650 |a Literatura Ecuatoriana -  |y Siglo XX 
650 |a Política -  |z Ecuador -  |x Historia -  |y Siglo XIX 
650 |a Ecuador -  |x Historia -  |y Guerra de Independencia, 1810-1822 
650 |a Ecuador -  |x Historia -  |y Epoca Colonial, 1562-1822 
650 |a Ecuador -  |x Historia -  |y 1822-1830 
650 |a Ecuador -  |x Historia -  |y 1830-1859 
650 |a Ecuador -  |x Historia -  |y Siglo XIX -  |x Tema Principal 
650 |a Olmedo, José Joaquín de -  |x Tema Principal 
910 |a Fondo General 
920 |a Impresos - Libros 
930 |a Libros Antiguos y Raros 
905 |a 108 
901 |a 011556  |b IT2  |c LRA  |u 20250526 
902 |a https://opac.biblio.iteso.mx/vufind/Record/000396658